Score 0/30 Timer 05:00
0 Plays Today
Event (1)st or (2)nd % Correct
California Gold Rush began???
82.9%
Coca-Cola developed???
81.5%
Napoleon Bonaparte died in exile on St. Helena???
81.4%
Olympic Games revived in Athens???
79.7%
Spanish Inquisition officially ended???
75.7%
Eiffel Tower inaugurated in Paris???
75.4%
Arthur C. Doyle published first 'Sherlock Holmes'???
75.3%
Fingerprinting officially adopted???
74.8%
United States purchased Alaska from Russia???
74.4%
British Empire banned slavery???
73.4%
Ludwig van Beethoven died in Vienna???
70.9%
Twain published 'The Adventures of Tom Sawyer'???
70.5%
Austrian Empire founded by Francis I???
69.3%
Lakota leader Crazy Horse killed???
69%
Cro-Magnon man first identified???
63.9%
Event (1)st or (2)nd % Correct
First transcontinental railroad completed in US???
60.2%
World's first oil refinery opened in Romania???
60.2%
Alfred Nobel invented dynamite???
59.5%
Royal Albert Hall opened in London???
57.8%
Aleksandr Pushkin published 'Eugene Onegin'???
55.4%
Queen Victoria became 'Empress of India'???
54.5%
Safety pin invented???
52.7%
Marx and Engels published 'Communist Manifesto'???
52.7%
Shaka's Zulu Kingdom at the peak of its power???
49.8%
Telegraphy patented???
48.3%
The Word 'Dinosaur' coined by Richard Owen???
47.6%
Liberia founded for freed American slaves???
46.5%
Edgar Allan Poe published 'The Raven'???
45.8%
Construction of Big Ben completed???
42.8%
World population reached 1 billion???
37.9%
Remove Ads.
Support Sporcle.
Get the best of Sporcle when you Go Orange. This ad-free experience offers more features, more stats, and more fun while also helping to support Sporcle. Thank you for becoming a member.

You're not logged in!

Compare scores with friends on all Sporcle quizzes.
OR
Log In

Sporcle TV

Today on Sporcle TV


Watch our educational content, quiz creation guides, and fun videos on Sporcle TV.

Show Comments

Extras

Top Quizzes Today


Score Distribution

Paid Content

Your Account Isn't Verified!

In order to create a playlist on Sporcle, you need to verify the email address you used during registration. Go to your Sporcle Settings to finish the process.

Report this User

Report this user for behavior that violates our Community Guidelines.

Details: